| 000 | 00673nab a2200205 a 4500 | ||
|---|---|---|---|
| 005 | 20210223132254.0 | ||
| 008 | 991125s1985 mx 000 0 spa u | ||
| 035 | _aUPN01000195215 | ||
| 100 | 1 |
_aCoronado Malagón, Marcela _941898 |
|
| 222 | _aALTERIDADES | ||
| 245 | _aLos apodos de la resistencia : estereotipos gentilicios zapotecas en el Istmo de Tehuantepec. Procesos de identidad, movimiento social y producción discursiva | ||
| 260 | _aMéxico | ||
| 300 | _a79-88 | ||
| 362 | 0 | _a2000 Año 10, no. 19, ene.-jun. | |
| 653 | 0 | _aMOVIMIENTOS SOCIALES | |
| 653 | 0 | _aIDENTIDAD ETNICA | |
| 653 | 0 | _aETNICIDAD | |
| 653 | 0 | _aPUEBLOS INDIGENAS | |
| 905 | _aArticulo | ||
| 999 |
_c167316 _d167316 |
||